Every Bundesliga Player 2025/2026 (Part 1) - Statistics

General Stats
  • This quiz has been taken 41 times
  • The average score is 92 of 264
Answer Stats
Team Position Players National Number % Correct
Borussia Dortmund Defender Filippo Mané Flagge von Italien 39
73%
Borussia Dortmund Midfielder Jobe Bellingham Flagge von England 7
73%
1. FSV Mainz 05 Defender Stefan Bell Flagge von Deutschland 16
73%
Borussia Dortmund Goalkeeper Gregor Kobel Flagge der Schweiz 1
68%
Borussia Dortmund Midfielder Julian Brandt Flagge von Deutschland 10
68%
Borussia Dortmund Defender Julian Ryerson Flagge von Norwegen 26
68%
1. FC Heidenheim Goalkeeper Kevin Müller Flagge von Deutschland 1
68%
Borussia Dortmund Forward Maximilian Beier Flagge von Deutschland 14
68%
Borussia Dortmund Manager Niko Kovač Flagge von Kroatien
68%
Bayer 04 Leverkusen Forward Patrik Schick Flagge der Tschechischen Republik 14
68%
Bayer 04 Leverkusen Midfielder Exequiel Palacios Flagge von Argentinien 25
64%
Eintracht Frankfurt Midfielder Hugo Larsson Flagge von Schweden 16
64%
Borussia Dortmund Forward Karim Adeyemi Flagge von Deutschland 27
64%
FC Augsburg Defender Keven Schlotterbeck Flagge von Deutschland 31
64%
Borussia Dortmund Midfielder Marcel Sabitzer Flagge von Österreich 20
64%
1. FC Köln Goalkeeper Marvin Schwäbe Flagge von Deutschland 1
64%
Borussia Dortmund Defender Nico Schlotterbeck Flagge von Deutschland 4
64%
Borussia Dortmund Defender Ramy Bensebaini Flagge von Algerien 5
64%
Bayer 04 Leverkusen Midfielder Robert Andrich Flagge von Deutschland 8
64%
Borussia Dortmund Midfielder Salih Özcan Flagge der Türkei 6
64%
Borussia Dortmund Forward Serhou Guirassy Flagge von Guinea 9
64%
Borussia Dortmund Defender Daniel Svensson Flagge von Schweden 24
59%
1. FC Heidenheim Goalkeeper Diant Ramaj Flagge von Deutschland 41
59%
Bayer 04 Leverkusen Defender Edmond Tapsoba Flagge von Burkina Faso 12
59%
Borussia Dortmund Forward Fabio Silva Flagge von Portugal 21
59%
Borussia Dortmund Midfielder Felix Nmecha Flagge von Deutschland 8
59%
Borussia Dortmund Defender Niklas Süle Flagge von Deutschland 25
59%
1. FC Heidenheim Defender Patrick Mainka Flagge von Deutschland 6
59%
1. FC Köln Forward Ragnar Ache Flagge von Deutschland 9
59%
Eintracht Frankfurt Defender Robin Koch Flagge von Deutschland 4
59%
Borussia Dortmund Defender Waldemar Anton Flagge von Deutschland 3
59%
Borussia Dortmund Defender Yan Couto Flagge von Brasilien 2
59%
Bayer 04 Leverkusen Midfielder Aleix García Flagge von Spanien 24
55%
Bayer 04 Leverkusen Defender Alejandro Grimaldo Flagge von Spanien 20
55%
Borussia Dortmund Midfielder Carney Chukwuemeka Flagge von England 17
55%
FC Augsburg Goalkeeper Daniel Klein Flagge von Deutschland 25
55%
Eintracht Frankfurt Defender Elias Baum Flagge von Deutschland 2
55%
Eintracht Frankfurt Midfielder Ellyes Skhiri Flagge von Tunesien 15
55%
Bayer 04 Leverkusen Midfielder Ibrahim Maza Flagge von Algerien 30
55%
1. FC Köln Midfielder Jakub Kamiński Flagge von Polen 16
55%
Bayer 04 Leverkusen Defender Jarell Quansah Flagge von England 4
55%
Borussia Mönchengladbach Goalkeeper Jonas Omlin Flagge der Schweiz 1
55%
Bayer 04 Leverkusen Midfielder Malik Tillman Flagge der Vereinigten Staaten 10
55%
Eintracht Frankfurt Midfielder Mario Götze Flagge von Deutschland 27
55%
Bayer 04 Leverkusen Goalkeeper Mark Flekken Flagge der Niederlande 1
55%
Bayer 04 Leverkusen Forward Nathan Tella Flagge von Nigeria 23
55%
Eintracht Frankfurt Forward Ritsu Doan Flagge von Japan 20
55%
Borussia Mönchengladbach Midfielder Rocco Reitz Flagge von Deutschland 27
55%
Borussia Mönchengladbach Forward Tim Kleindienst Flagge von Deutschland 11
55%
Eintracht Frankfurt Defender Arthur Theate Flagge von Belgien 3
50%
Eintracht Frankfurt Forward Can Uzun Flagge der Türkei 42
50%
1. FC Union Berlin Defender Diogo Leite Flagge von Portugal 4
50%
Borussia Dortmund Midfielder Emre Can Flagge von Deutschland 23
50%
Borussia Mönchengladbach Midfielder Florian Neuhaus Flagge von Deutschland 10
50%
1. FC Heidenheim Manager Frank Schmidt Flagge von Deutschland
50%
1. FC Union Berlin Goalkeeper Frederik Rønnow Flagge von Dänemark 1
50%
Borussia Dortmund Forward Julie Duranville Flagge von Belgien 16
50%
Eintracht Frankfurt Goalkeeper Kauã Santos Flagge von Brasilien 40
50%
1. FC Köln Manager Lukas Kwasniok Flagge von Polen
50%
1. FC Köln Forward Marius Bülter Flagge von Deutschland 30
50%
Eintracht Frankfurt Goalkeeper Michael Zetterer Flagge von Deutschland 23
50%
1. FSV Mainz 05 Midfielder Nadiem Amiri Flagge von Deutschland 10
50%
1. FC Union Berlin Forward Oliver Burke Flagge von Schottland 7
50%
Borussia Dortmund Midfielder Pascal Groß Flagge von Deutschland 13
50%
Eintracht Frankfurt Defender Rasmus Kristensen Flagge von Dänemark 13
50%
1. FC Köln Defender Timo Hübers Flagge von Deutschland 4
50%
Borussia Dortmund Goalkeeper Alexander Meyer Flagge von Deutschland 33
45%
1. FC Union Berlin Midfielder András Schäfer Flagge von Ungarn 13
45%
1. FC Union Berlin Defender Christopher Trimmel Flagge von Österreich 28
45%
Eintracht Frankfurt Manager Dino Toppmöller Flagge von Deutschland
45%
1. FSV Mainz 05 Defender Dominik Kohr Flagge von Deutschland 31
45%
Borussia Mönchengladbach Midfielder Franck Honorat Flagge von Frankreich 9
45%
Borussia Mönchengladbach Midfielder Giovanni Reyna Flagge der Vereinigten Staaten 13
45%
Borussia Mönchengladbach Forward Haris Tabaković Flagge von Bosnien und Herzegowina 15
45%
1. FC Köln Midfielder Ísak Jóhannesson Flagge von Island 18
45%
1. FSV Mainz 05 Midfielder Jae-Sung Lee Flagge von Südkorea 7
45%
Bayer 04 Leverkusen Goalkeeper Janis Blaswich Flagge von Deutschland 28
45%
Eintracht Frankfurt Forward Jean-Mattéo Bahoya Flagge von Frankreich 19
45%
1. FC Heidenheim Defender Jonas Föhrenbach Flagge von Deutschland 19
45%
Eintracht Frankfurt Forward Jonathan Burkardt Flagge von Deutschland 9
45%
1. FC Heidenheim Forward Marvin Pieringer Flagge von Deutschland 18
45%
Borussia Mönchengladbach Goalkeeper Moritz Nicolas Flagge von Deutschland 33
45%
Eintracht Frankfurt Defender Nathaniel Brown Flagge von Deutschland 21
45%
1. FSV Mainz 05 Forward Nelson Weiper Flagge von Deutschland 44
45%
1. FSV Mainz 05 Goalkeeper Robin Zentner Flagge von Deutschland 27
45%
FC Augsburg Manager Sandro Wagner Flagge von Deutschland
45%
1. FC Union Berlin Defender Tom Rothe Flagge von Deutschland 15
45%
1. FC Heidenheim Forward Yannick Wagner Flagge von Deutschland 38
45%
Borussia Dortmund Defender Aarón Anselmino Flagge von Argentinien 28
41%
Bayer 04 Leverkusen Defender Arthur Flagge von Brasilien 13
41%
Bayer 04 Leverkusen Defender Axel Tape Flagge von Frankreich 16
41%
1. FC Heidenheim Defender Benedikt Gimber Flagge von Deutschland 5
41%
1. FC Heidenheim Forward Budu Zivzivadze Flagge von Georgien 11
41%
1. FC Union Berlin Defender Danilho Doekhi Flagge der Niederlande 5
41%
1. FSV Mainz 05 Defender Danny Da Costa Flagge von Deutschland 21
41%
1. FC Köln Midfielder Denis Huseinbašić Flagge von Bosnien und Herzegowina 8
41%
Eintracht Frankfurt Forward Elye Wahi Flagge von Frankreich 17
41%
Eintracht Frankfurt Midfielder Farès Chaïbi Flagge von Algerien 8
41%
FC Augsburg Goalkeeper Finn Dahmen Flagge von Deutschland 1
41%
1. FC Köln Midfielder Florian Kainz Flagge von Österreich 11
41%
Borussia Mönchengladbach Manager Gerardo Seoane Flagge der Schweiz
41%
1. FC Union Berlin Forward Ilyas Ansah Flagge von Deutschland 10
41%
Borussia Mönchengladbach Defender Joe Scally Flagge der Vereinigten Staaten 29
41%
Bayer 04 Leverkusen Midfielder Jonas Hofmann Flagge von Deutschland 7
41%
Borussia Mönchengladbach Midfielder Kevin Stöger Flagge von Österreich 7
41%
1. FC Union Berlin Defender Leopold Querfeld Flagge von Österreich 14
41%
Bayer 04 Leverkusen Defender Loïc Badé Flagge von Frankreich 5
41%
Borussia Mönchengladbach Defender Luca Netz Flagge von Deutschland 20
41%
1. FC Köln Forward Malek El Mala Flagge von Deutschland 19
41%
Bayer 04 Leverkusen Forward Martin Terrier Flagge von Frankreich 11
41%
Borussia Mönchengladbach Defender Nico Elvedi Flagge der Schweiz 30
41%
1. FC Heidenheim Midfielder Niklas Dorsch Flagge von Deutschland 30
41%
Eintracht Frankfurt Defender Nmandi Collins Flagge von Deutschland 34
41%
1. FC Köln Midfielder Saïd El Mala Flagge von Deutschland 13
41%
FC Augsburg Forward Samuel Essende Flagge der Demokratischen Republik Kongo 9
41%
1.FC Union Berlin Manager Steffen Baumgart Flagge von Deutschland
41%
1. FC Union Berlin Forward Andrej Ilić Flagge von Serbien 23
36%
1. FSV Mainz 05 Defender Anthony Caci Flagge von Frankreich 19
36%
1. FC Heidenheim Midfielder Arijon Ibrahimovic Flagge von Deutschland 22
36%
FC Augsburg Midfielder Arne Maier Flagge von Deutschland 10
36%
1. FSV Mainz 05 Forward Benedict Hollerbach Flagge von Deutschland 17
36%
1. FSV Mainz 05 Manager Bo Henriksen Flagge von Dänemark
36%
FC Augsburg Defender Chrislain Matsima Flagge von Frankreich 5
36%
Bayer 04 Leverkusen Forward Christian Kofane Flagge von Kamerun 35
36%
Bayer 04 Leverkusen Forward Ernest Poku Flagge der Niederlande 19
36%
Borussia Mönchengladbach Defender Fabio Chiarodia Flagge von Italien 2
36%
1. FSV Mainz 05 Midfielder Kaishu Sano Flagge von Japan 6
36%
1. FC Köln Defender Kristoffer Lund Flagge der Vereinigten Staaten 32
36%
1. FSV Mainz 05 Goalkeeper Lasse Riess Flagge von Deutschland 1
36%
1. FC Köln Defender Luca Kilian Flagge von Deutschland 15
36%
1. FC Köln Forward Luca Waldschmidt Flagge von Deutschland 7
36%
Borussia Mönchengladbach Defender Lukas Ullrich Flagge von Deutschland 26
36%
1. FC Heidenheim Defender Marnon Busch Flagge von Deutschland 2
36%
FC Augsburg Midfielder Mert Kömür Flagge von Deutschland 36
36%
Eintracht Frankfurt Forward Michy Batshuayi Flagge von Belgien 30
36%
Bayer 04 Leverkusen Goalkeeper Niklas Lomb Flagge von Deutschland 36
36%
1. FC Heidenheim Defender Omar-Haktab Traoré Flagge von Deutschland 23
36%
1. FSV Mainz 05 Midfielder Paul Nebel Flagge von Deutschland 8
36%
FC Augsburg Forward Phillip Tietz Flagge von Deutschland 21
36%
1. FC Köln Defender Rav Van Den Berg Flagge der Niederlande 33
36%
1. FC Köln Goalkeeper Ron-Robert Zieler Flagge von Deutschland 20
36%
1. FC Köln Forward Sargis Adamyan Flagge von Armenien 23
36%
Borussia Mönchengladbach Forward Shuto Machino Flagge von Japan 18
36%
1. FSV Mainz 05 Defender Silvan Widmer Flagge der Schweiz 30
36%
1. FC Heidenheim Forward Stefan Schimmer Flagge von Deutschland 9
36%
1. FC Union Berlin Midfielder Wooyeong Jeong Flagge von Südkorea 11
36%
1. FC Union Berlin Midfielder Alex Král Flagge der Tschechischen Republik 33
32%
Borussia Dortmund Defender Almugera Kabar Flagge von Deutschland 42
32%
1. FSV Mainz 05 Defender Andreas Hanche-Olsen Flagge von Norwegen 25
32%
Eintracht Frankfurt Forward Ansgar Knauff Flagge von Deutschland 7
32%
Eintracht Frankfurt Defender Aurèle Amenda Flagge der Schweiz 5
32%
FC Augsburg Defender Dimitris Giannoulis Flagge von Griechenland 12
32%
1. FC Köln Defender Dominique Heintz Flagge von Deutschland 3
32%
FC Augsburg Midfielder Elvis Rexhbecaj Flagge von Kosovo 8
32%
FC Augsburg Midfielder Han-Noah Massengo Flagge von Frankreich 4
32%
Bayer 04 Leverkusen Defender Jeanuël Belocian Flagge von Frankreich 44
32%
1. FC Union Berlin Defender Josip Juranovic Flagge von Kroatien 18
32%
Borussia Mönchengladbach Defender Kevin Diks Flagge von Indonesien 4
32%
FC Augsburg Midfielder Kristijan Jakić Flagge von Kroatien 17
32%
Borussia Mönchengladbach Defender Marvin Friedrich Flagge von Deutschland 5
32%
FC Augsburg Goalkeeper Nediljko Labrović Flagge von Kroatien 22
32%
1. FSV Mainz 05 Defender Phillipp Mwene Flagge von Österreich 2
32%
Eintracht Frankfurt Defender Timothy Chandler Flagge der Vereinigten Staaten 22
32%
FC Augsburg Midfielder Alexis Claude-Maurice Flagge von Frankreich 20
27%
1. FC Union Berlin Midfielder Aljoscha Kemlein Flagge von Deutschland 6
27%
FC Augsburg Defender Cédric Zesiger Flagge der Schweiz 16
27%
1. FC Köln Defender Cenk Özkacar Flagge der Türkei 39
27%
Bayer 04 Leverkusen Midfielder Claudio Echeverri Flagge von Argentinien 9
27%
Borussia Dortmund Forward Cole Campbell Flagge der Vereinigten Staaten 37
27%
1. FSV Mainz 05 Goalkeeper Daniel Batz Flagge von Deutschland 33
27%
Bayer 04 Leverkusen Forward Eliesse Ben Seghir Flagge von Marokko 17
27%
Borussia Mönchengladbach Forward Grant-Leon Ranos Flagge von Armenien 28
27%
1. FC Union Berlin Midfielder Janik Haberer Flagge von Deutschland 19
27%
1. FC Heidenheim Midfielder Jan Schöppner Flagge von Deutschland 3
27%
1. FSV Mainz 05 Defender Konstantin Schopp Flagge von Österreich 23
27%
1. FSV Mainz 05 Midfielder Lennard Maloney Flagge der Vereinigten Staaten 15
27%
1. FC Köln Midfielder Linton Maina Flagge von Deutschland 37
27%
FC Augsburg Defender Marius Wolf Flagge von Deutschland 27
27%
Eintracht Frankfurt Midfielder Mo Dahoud Flagge von Deutschland 18
27%
FC Augsburg Defender Noahkai Banks Flagge von Deutschland 40
27%
Eintracht Frankfurt Midfielder Oscar Højlund Flagge von Dänemark 6
27%
Borussia Dortmund Goalkeeper Patrick Drewes Flagge von Deutschland 30
27%
Borussia Mönchengladbach Midfielder Philipp Sander Flagge von Deutschland 16
27%
1. FC Union Berlin Midfielder Rani Khedira Flagge von Deutschland 8
27%
Borussia Mönchengladbach Midfielder Robin Hack Flagge von Deutschland 25
27%
FC Augsburg Forward Steve Mounié Flagge von Benin 15
27%
1. FC Heidenheim Defender Tim Siersleben Flagge von Deutschland 4
27%
1. FC Heidenheim Midfielder Adrian Beck Flagge von Deutschland 21
23%
1. FSV Mainz 05 Midfielder Arnaud Nordin Flagge von Frankreich 9
23%
Eintracht Frankfurt Defender Aurélio Buta Flagge von Portugal 24
23%
FC Augsburg Forward Elias Saad Flagge von Tunesien 26
23%
Bayer 04 Leverkusen Midfielder Ezequiel Fernández Flagge von Argentinien 6
23%
FC Augsburg Midfielder Fabian Rieder Flagge der Schweiz 32
23%
Eintracht Frankfurt Defender Hrvoje Smolcic Flagge von Kroatien 35
23%
1. FC Köln Midfielder Jan Uwe Thielmann Flagge von Deutschland 29
23%
FC Augsburg Defender Jeffrey Gouweleeuw Flagge der Niederlande 6
23%
1. FC Köln Defender Joël Schmied Flagge der Schweiz 2
23%
1. FC Köln Defender Jusuf Gazibegović Flagge von Bosnien und Herzegowina 25
23%
Bayer 04 Leverkusen Defender Lucas Vazquez Flagge von Spanien 21
23%
FC Augsburg Defender Mads Pedersen Flagge von Dänemark 3
23%
1. FC Köln Defender Sebastian Sebulonsen Flagge von Norwegen 28
23%
1. FC Heidenheim Midfielder Sirlord Conteh Flagge von Deutschland 31
23%
Bayer 04 Leverkusen Forward Alejo Sarco Flagge von Argentinien 18
18%
1. FC Heidenheim Goalkeeper Frank Feller Flagge von Deutschland 40
18%
1. FC Heidenheim Midfielder Julian Niehues Flagge von Deutschland 16
18%
1. FSV Mainz 05 Defender Kacper Potulski Flagge von Polen 48
18%
1. FC Heidenheim Defender Leart Paçarada Flagge von Deutschland 32
18%
1. FC Union Berlin Forward Marin Ljubicic Flagge von Kroatien 27
18%
1. FC Heidenheim Midfielder Mathias Honsak Flagge von Österreich 17
18%
1. FC Köln Goalkeeper Matthias Köbbing Flagge von Deutschland 44
18%
1. FSV Mainz 05 Defender Maxim Leitsch Flagge von Deutschland 5
18%
1. FC Heidenheim Forward Mikkel Kaufmann Flagge von Dänemark 29
18%
Borussia Mönchengladbach Midfielder Nathan Ngoumou Flagge von Kamerun 19
18%
1. FC Heidenheim Goalkeeper Paul Tschernuth Flagge von Österreich 34
18%
FC Augsburg Midfielder Robin Fellhauer Flagge von Deutschland 19
18%
1. FSV Mainz 05 Midfielder Sota Kawasaki Flagge von Japan 24
18%
Borussia Mönchengladbach Goalkeeper Tiago Pereira Cardoso Flagge von Luxemburg 42
18%
Borussia Mönchengladbach Goalkeeper Tobias Sippel Flagge von Deutschland 21
18%
FC Augsburg Midfielder Anton Kade Flagge von Deutschland 30
14%
Eintracht Frankfurt Goalkeeper Jens Grahl Flagge von Deutschland 33
14%
1. FSV Mainz 05 Defender Kasey Bos Flagge von Australien 18
14%
1. FC Union Berlin Goalkeeper Matheo Raab Flagge von Deutschland 31
14%
FC Augsburg Defender Maximilian Bauer Flagge von Deutschland 23
14%
1. FC Union Berlin Midfielder Robert Skov Flagge von Dänemark 24
14%
Borussia Dortmund Goalkeeper Silas Ostrzinski Flagge von Deutschland 31
14%
1. FSV Mainz 05 Midfielder William Bøving Flagge von Dänemark 14
14%
Borussia Mönchengladbach Midfielder Yannik Engelhardt Flagge von Deutschland 6
14%
FC Augsburg Forward Yusuf Kabadayi Flagge von Deutschland 7
14%
1. FC Heidenheim Defender Adam Kölle Flagge von Deutschland 28
9%
Eintracht Frankfurt Goalkeeper Amil Siljevic Flagge von Deutschland 39
9%
Bayer 04 Leverkusen Defender Andrea Natali Flagge von Italien 26
9%
1. FSV Mainz 05 Forward Armindo Sieb Flagge von Deutschland 11
9%
1. FC Union Berlin Defender Derrick Köhn Flagge von Deutschland 39
9%
Borussia Mönchengladbach Midfielder Jens Castrop Flagge von Deutschland 17
9%
1. FSV Mainz 05 Defender Maxim Dal Flagge von Deutschland 47
9%
1. FC Köln Defender Neo Telle Flagge von Deutschland 49
9%
1. FSV Mainz 05 Midfielder Nikolas Veratsching Flagge von Österreich 22
9%
Borussia Mönchengladbach Midfielder Oscar Fraulo Flagge von Dänemark 22
9%
1. FC Union Berlin Defender Stanley Nsoki Flagge von Frankreich 34
9%
1. FC Heidenheim Defender Thomas Keller Flagge von Deutschland 27
9%
Borussia Mönchengladbach Midfielder Wael Mohya Flagge von Deutschland 36
9%
FC Augsburg Forward Aiman Dardari Flagge von Luxemburg 28
5%
1. FSV Mainz 05 Forward Ben Bobzien Flagge von Deutschland 37
5%
1. FC Union Berlin Midfielder David Preu Flagge von Deutschland 17
5%
1. FC Union Berlin Forward Dmytro Bogdanov Flagge der Ukraine 30
5%
1. FC Köln Midfielder Emin Kujovic Flagge von Montenegro 46
5%
1. FC Köln Midfielder Fayssal Harchaoui Flagge von Deutschland 34
5%
FC Augsburg Forward Ismaël Gharbi Flagge von Frankreich 11
5%
Bayer 04 Leverkusen Midfielder Jeremiah Mensah Flagge von Deutschland 27
5%
Eintracht Frankfurt Forward Jessic Ngankam Flagge von Deutschland 32
5%
1. FC Union Berlin Forward Livan Burcu Flagge von Deutschland 9
5%
1. FC Heidenheim Midfielder Luca Kerber Flagge von Deutschland 20
5%
FC Augsburg Midfielder Mahmut Kücüksahin Flagge von Deutschland 42
5%
FC Augsburg Defender Oliver Sorg Flagge von Österreich 43
5%
1. FC Union Berlin Midfielder Tim Skarke Flagge von Deutschland 21
5%
1. FC Union Berlin Defender Andrik Markgraf Flagge von Deutschland 3
0%
1. FC Union Berlin Goalkeeper Carl Klaus Flagge von Deutschland 25
0%
Borussia Mönchengladbach Midfielder Charles Herrmann Flagge von Deutschland 34
0%
1. FSV Mainz 05 Midfielder Daniel Gleiber Flagge von Deutschland 42
0%
FC Augsburg Defender Felix Meiser Flagge von Deutschland 41
0%
1. FC Heidenheim Midfielder Nick Rothweiler Flagge von Deutschland 33
0%
Borussia Mönchengladbach Midfielder Niklas Swider Flagge von Deutschland 39
0%
Eintracht Frankfurt Defender Noah Fenyő Flagge von Deutschland 47
0%
1. FC Union Berlin Defender Oluwaseun Ogbemudia Flagge von Deutschland 41
0%
No matching quizzes found
Score Distribution
Percent of People with Each Score
Percentile by Number Answered
Your Score History
You have not taken this quiz